| 000 | 01584nam a22002777a 4500 | ||
|---|---|---|---|
| 001 | 7311 | ||
| 003 | FISKH | ||
| 005 | 20250709102056.0 | ||
| 008 | 250709b cb ||||| |||| 00| 0 eng d | ||
| 020 | _a9788956354132 | ||
| 040 |
_aFISKH _beng _cFISKH _dFISKH |
||
| 050 | _aPZ7 | ||
| 082 | _a398.2 | ||
| 100 | _aGrimm, Jacob | ||
| 245 |
_aAllerleirauh / _cBrother Grimm |
||
| 260 |
_aSeoul : _bE-Future, _c2009. |
||
| 300 |
_a34 pages : _bcolor illustrations ; _c21 cm |
||
| 505 | _aH | ||
| 520 | _aA widowed king promises his dying wife that he will only marry someone as beautiful as she was. After her death, he searches for such a woman but finds no one—until his own daughter grows up and resembles her mother. The king declares he will marry her, horrifying the princess. To avoid the marriage, the princess demands three seemingly impossible dresses: one as golden as the sun, one as silver as the moon, and one as glittering as the stars. She also asks for a magical cloak made of a thousand different furs ("Allerleirauh"). When the king provides all of them, she runs away in disguise, hiding her identity under the cloak. She finds work as a kitchen maid in a faraway castle. At night, she secretly wears her beautiful dresses and catches the attention of the young king. Eventually, he discovers her true identity, and they marry. | ||
| 521 | 8 |
_a430
_bLexile estimate |
|
| 521 | 8 |
_aH
_bRaz-Plus |
|
| 650 |
_aFairy Tale _vClassic Literature _xGrimm Brothers |
||
| 700 |
_aGrimm, Wilhelm _eAuthor |
||
| 942 |
_2ddc _cBK _n0 |
||
| 999 |
_c7311 _d7311 |
||